Duarte y los símbolos patrios / (Registro nro. 7195)

Detalles MARC
000 -LIDER
fixed length control field 00812nam a2200265 i 4500
003 - IDENTIFICACDOR DE NÚMERO DE CONTROL
control field DO-SdBNP
005 - DATE AND TIME OF LATEST TRANSACTION
control field 20240306122310.0
007 - CAMPOS FIJOS DE DESCRIPCIÓN FÍSICA
fixed length control field ta
008 - ELEMENTOS DE LONGITUD FIJA
fixed length control field 110414s2011 dr a 000 0 spa d
040 ## - FUENTE DE CATALOGACIÓN
Agencia que crea de manera original el registro DO-SdBNP
Idioma de catalogación spa
Agencia que realiza la transcripción BPMSU
Convenciones de la despripción rda
082 ## - NÚMERO DE CLASIFICACIÓN DECIMAL DE DEWEY
Classification number 929.92097293
Item number G633D 2013
Edition number 22
100 1# - ASIENTO PRINCIPAL -- NOMBRE PERSONAL
Nombre personal Gómez, Wilson
245 10 - MENCIÓN DE TITULO
Título Duarte y los símbolos patrios /
Mención de responsabilidad Wilson Gómez.
260 ## - PUBLICACIÓN, DISTRIBUCIÓN, ETC. (PIE DE IMPRENTA)
Fecha de publicación, distribución, etc 2010.
264 #1 - PRODUCTION, PUBLICATION, DISTRIBUTION, MANUFACTURE, AND COPYRIGHT NOTICE
Place of production, publication, distribution, manufacture Santo Domingo :
Name of producer, publisher, distributor, manufacturer Instituto Duartianoj,
Date of production, publication, distribution, manufacture, or copyright notice 2013
300 ## - DESCRIPCIÓN FÍSICA
Extensión 20 páginas
Dimensiones 14 cm.
336 ## - CONTENT TYPE
Source rdacontent
Content type term texto
Content type code txt
337 ## - MEDIA TYPE
Source rdamedia
Media type term sin mediación
Media type code n
338 ## - CARRIER TYPE
Source rdacarrier
Carrier type term volumen
Carrier type code nc
590 ## - NOTA LOCAL
Texto de la nota local Inventariado, 2024/VM
600 14 - ENCABEZAMIENTO DE MATERIA--NOMBRE PERSONAL
Nombre personal Duarte, Juan Pablo
Fechas asociadas con el nombre 1813-1876
650 #4 - ENCABEZAMIENTO DE MATERIA--TEMÁTICO
Término temático o nombre geográfico como elemento de entrada Emblemas nacionales
Subdivisión geográfica República Dominicana
910 ## - VALIDACIÓN
Validación VMateo V. Control de calidad. BPMSU
942 ## - ADDED ENTRY ELEMENTS (KOHA)
Source of classification or shelving scheme Dewey Decimal Classification
Koha item type Libros
Existencias
Withdrawn status Lost status Source of classification or shelving scheme Damaged status Not for loan Collection code Home library Current library Date acquired Total Checkouts Full call number Barcode Date last seen Koha item type Copy number Price effective from
    Dewey Decimal Classification     Colección Dominicana Biblioteca Pública Metropolitana Salomé Ureña Biblioteca Pública Metropolitana Salomé Ureña 03/06/2024   BPMSU CD 929.92097293 G633D 2013 BPMSU15040640 01/16/2015 Libros    
    Dewey Decimal Classification     Colección Dominicana Biblioteca Pública Metropolitana Salomé Ureña Biblioteca Pública Metropolitana Salomé Ureña 01/16/2015   BPMSU CD 929.92097293 G633D 2013 BPMSU15040641 01/16/2015 Libros e.2 01/16/2015
    Dewey Decimal Classification     Colección Dominicana Biblioteca Pública Metropolitana Salomé Ureña Biblioteca Pública Metropolitana Salomé Ureña 01/16/2015   BPMSU CD 929.92097293 G633D 2013 BPMSU15040642 01/16/2015 Libros e.3 01/16/2015